000 01434aam a2200313 i 4500
001 768714001
003 CO-MdFUSB
005 20250531132954.0
008 190802t1977 ve |||| |||| 00| 0 spa d
020 _a[No incluye ISBN]
040 _bspa.
_cCO-MdFUSB
_aCO-MdFUSB
_dCO-MdFUSBC
_erda
041 _aspa
_heng
082 _226
_a248.5
_bD745b
100 _aDowdy, Homer E.
_eautor
240 _aChrist´s Witchdoctor
245 1 3 _aUn brujo que se convirtió a Cristo.
_c/ Homer E. Dowdy ; traducido por M. Francisco Liévano
264 1 _aMaracaibo, Venezuela:
_bLibertador,
_c[1977]
300 _a388 páginas
_c; 18 cm
336 _atexto
_btxt
_2rdacontent
337 _2rdamedia
_asin mediación
_bn
338 _2rdacarrier
_avolumen
_bnc
505 0 _a¿Tiene que morir un niño?. -- Algun día un brujo. -- La llegada de los matadores blancos. -- Una trampa para todo hombre. -- Ida al cielo y regreso. -- Cambios en la vida de ELKA. -- Excusa por el fracaso. -- En el abismo de mi estomago. -- Procede a morir. -- Soplando sin piedras. -- Primero mata. Luego come. -- Mayor es el que está en vosotros. -- Prueba de fe para ELKA. -- Prueba de fe para los Wai Wai. -- Un proceso lento e incierto -- Vayamos lejos.
563 _aRústico
650 0 _919
_aVida cristiana
650 0 _aBiografías cristianas
_91238
700 _92192
_aLiévano, M. Francisco.
_etraductor
942 _cBK
945 _aJTF-925
999 _c44841
_d44841